Central Library OPAC University of Rajshahi

The Short novels of John Steinbeck : (Record no. 20981)

MARC details
000 -LEADER
fixed length control field 00814pam a2200241 a 4500
001 - CONTROL NUMBER
control field 20981
003 - CONTROL NUMBER IDENTIFIER
rucl marc code BD-RjUL
005 - DATE AND TIME OF LATEST TRANSACTION
control field 20211209000632.0
008 - FIXED-LENGTH DATA ELEMENTS--GENERAL INFORMATION
fixed length control field 140303r19741963nyu b 001 0 eng
035 ## - SYSTEM CONTROL NUMBER
System control number (BD-RjUL)21043
040 ## - CATALOGING SOURCE
Original cataloging agency DLC
Transcribing agency DLC
Modifying agency DLC
-- BD-RjUL
Language of cataloging eng
041 ## - LANGUAGE CODE
Language code of text/sound track or separate title eng
082 00 - DEWEY DECIMAL CLASSIFICATION NUMBER
Classification number 813.52
Edition number 20
Author mark and year STS 1974
100 1# - MAIN ENTRY--PERSONAL NAME
Personal name Steinbeck, John ,
9 (RLIN) 64811
245 04 - TITLE STATEMENT
Title The Short novels of John Steinbeck :
Remainder of title Tortilla Flat, The red pony, Of mice and men, The moon is down, Cannery Row, The pearl /
Statement of responsibility, etc. John Steinbeck.
250 ## - EDITION STATEMENT
Edition statement New ed.
260 ## - PUBLICATION, DISTRIBUTION, ETC. (IMPRINT)
Place of publication, distribution, etc. New York :
Name of publisher, distributor, etc. Viking Press,
Date of publication, distribution, etc. 1963 [Printing 1974].
300 ## - PHYSICAL DESCRIPTION
Pagination xv, 527 p. ;
Size 23 cm.
600 10 - SUBJECT ADDED ENTRY--PERSONAL NAME
Personal name Steinbeck, John,
Dates associated with a name 1902-1968
General subdivision Criticism and interpretation.
942 ## - ADDED ENTRY ELEMENTS (KOHA)
Source of classification or shelving scheme Dewey Decimal Classification
Koha item type Books
Holdings
Lost status Source of classification or shelving scheme Damaged status Not for loan Collection code Permanent Location Current Location Shelving location Date acquired Source of acquisition Total Checkouts Full call number Date last seen Copy number Koha item type
  Dewey Decimal Classification     Non-fiction Central Library, University of Rajshahi Central Library, University of Rajshahi   03/07/1976 U.S.I.S   813.52 STS 1974 03/03/2014 C-2 Books